RICS European housing review 2009 (Record no. 110961)

MARC details
000 -LEADER
fixed length control field 01675cad a22002415a 4500
001 - CONTROL NUMBER
control field L146873
008 - FIXED-LENGTH DATA ELEMENTS--GENERAL INFORMATION
fixed length control field 090305s2009 xxk 000 0 eng u
035 ## - SYSTEM CONTROL NUMBER
System control number (Sirsi) u150736
041 0# - LANGUAGE CODE
Language code of text/sound track or separate title eng
050 ## - LIBRARY OF CONGRESS CALL NUMBER
Classification number 306.1094 $2 18
100 1# - MAIN ENTRY--PERSONAL NAME
Personal name Ball, Michael
245 00 - TITLE STATEMENT
Title RICS European housing review 2009
Remainder of title executive summaryh[electronic resource]
260 ## - PUBLICATION, DISTRIBUTION, ETC.
Place of publication, distribution, etc. London
Name of publisher, distributor, etc. RICS
Date of publication, distribution, etc. 2009
490 #0 - SERIES STATEMENT
Series statement RICS European Housing Review
Volume/sequential designation 2009
520 ## - SUMMARY, ETC.
Summary, etc. Looks at the performance of European housing markets in 2008, analysing trends across the continent in areas such as inflation, building activity, mortgage markets and turnover. Finds that house prices are static or falling across all of Europe, and that the chances of core European housing markets escaping marked downturns in 2009 are now slim. Reports that house prices fell significantly in 2008 in central and eastern Europe, Ireland, France, the UK and among the Nordic countries, and that all Europe's housing markets are experiencing rapidly falling demand and too much supply, due to the impact of the credit crunch and recessions in Europe's major economies. Also suggests that new build markets in the major cities of central and eastern Europe are at a standstill, with an increasing amount of unsold dwellings.
590 ## - LOCAL NOTE (RLIN)
Local note KA NTK
650 24 - SUBJECT ADDED ENTRY--TOPICAL TERM
Topical term or geographic name entry element RICS EUROPEAN HOUSING REVIEW
651 #4 - SUBJECT ADDED ENTRY--GEOGRAPHIC NAME
Geographic name Europe
690 ## - LOCAL SUBJECT ADDED ENTRY--TOPICAL TERM (OCLC, RLIN)
Topical term or geographic name as entry element PROPERTY-RESIDENTIAL PROPERTY-RESIDENTIAL PROPERTY MARKET
710 2# - ADDED ENTRY--CORPORATE NAME
Corporate name or jurisdiction name as entry element Royal Institution of Chartered Surveyors
Subordinate unit Public Affairs
9 (RLIN) 4679
856 40 - ELECTRONIC LOCATION AND ACCESS
Uniform Resource Identifier <a href="https://www.rics.org/site/download_feed.aspx?fileID=7308&fileExtension=PDF">https://www.rics.org/site/download_feed.aspx?fileID=7308&fileExtension=PDF</a>
Public note View the report free of charge on the www.rics.org website.
942 ## - ADDED ENTRY ELEMENTS (KOHA)
Suppress in OPAC 0
Holdings
Withdrawn status Lost status Source of classification or shelving scheme Damaged status Not for loan Home library Current library Shelving location Date acquired Total Checkouts Full call number Barcode Date last seen Copy number Price effective from Koha item type
    Dewey Decimal Classification     Virtual Virtual Online 25/08/2010   ONLINE PUBLICATION 150736-2001 06/08/2019 1 06/08/2019 Book